000 00557nam a2200229Ia 4500
003 OSt
005 20221005123021.0
006 a|||||r|||| 00| 0
007 ta
008 221004b |||||||| |||| 00| 0 mal d
024 _a59096
037 _cTextual
040 _aCRL
_cCRL
_bmal
041 _2mal
_amal
082 _aV222:1:A, 32J3
100 _aMenon C.A. Au.
_9633003
245 0 _aKeralolpatti
260 _c1953
650 _aHISTORY
942 _hV222:1:A, 32J3
_cTEXL
_2cc
999 _c1046141
_d1046141